01590nam a22001817a 4500003000400000005001700004008004100021020001800062040001000080100003500090245005600125250001100181260003700192300001100229505014600240520100400386650001801390OSt20241220120535.0230925s2008 ag ||||| |||| 00| 0 spa d a9789871220199 cbesoc1 aPaenza, Adriánd1949-eautor1 aMatemática... ¿Estás ahí? /cAdrián Paenza a1a ed. aBuenos Aires :bSiglo XXI,c2008 a235 P. aLa mano de la princesa -- Números -- Probabilidades y estimaciones -- Problemas -- Reflexiones y curiosidades -- Soluciones -- Apéndice.- aMatemáticas ¿Estas ahí? Talvez este oculta en un problema, pero lo que es seguro es que si, la matemática esta a la vuelta de la esquina, en nuestra vida cotidiana y esperando a que la descubramos. He aquí una inmejorable guía para lanzarnos a explorar. En el viaje por este universo nos encontramos con números increíbles o diferentes tipos de infinito, viajaremos entre las familias de primos, nos asomaremos al abismo de la división por cero y aprenderemos secretos del mundo de las apuestas y de las probabilidades. La matemática también nos ayuda a resolver enigmas y estimar cantidades increíbles: de numero de pelos a litros de sangre, probabilidades de que dos personas cualesquiera cumplan años el mismo día, números de antepasados comunes... En este libro el matemático y periodista Adrián Paenza nos brinda una serie de historia con números, personajes, problemas y reflexiones, y una visión muy personal sobre la vida, el universo y todo lo demás.  4aMatemáticas